| 000 | 00975nam a2200241 a 4500 | ||
|---|---|---|---|
| 001 | 49207 | ||
| 003 | BD-RjUL | ||
| 005 | 20211209054641.0 | ||
| 008 | 160818r19961987ii ||||| |||| 00| 0 ben d | ||
| 020 | _c: TK 150.00 (V-1) | ||
| 035 | _a(BD-RjUL) 49326 | ||
| 040 |
_aBD-RjUL _bben _cBD-RjUL |
||
| 041 | _aben | ||
| 082 |
_223 _a891.4408 _bKAL 1996 |
||
| 245 | 0 | 0 |
_aকালকূট রচনা সমগ্র / _cনিতাই বসু সম্পাদিত |
| 260 |
_aকলকাতা : _bমৌসুমী প্রকাশনী, _c১৯৮৭ [পুনঃমুদ্রণ ১৯৯৬] |
||
| 300 |
_a খণ্ড. ; _c২১ সেমি. |
||
| 505 | 0 | _a খণ্ড.- ১ -- খন্ড. ২ -- খন্ড. ৩ -- | |
| 650 |
_aবাংলা প্রবন্ধ _xসংগ্রহ _9122902 |
||
| 650 |
_aBengali Essay _xCollected works _9118004 |
||
| 700 |
_aবসু , নিতাই, সম্পাদক _9137756 |
||
| 942 |
_2ddc _cBK |
||
| 999 |
_c49207 _d49207 |
||